000 00221nam a2200097Ia 4500
008 230915s9999 xx 000 0 und d
050 _aHB 171 .M36 2008
100 _aMANKIW, N. GREGORY
245 0 _aECONOMICS
942 _cBK
999 _c72996
_d72996